00483nam a2200157Ia 4500020001800000082001700018100002100035245008400056260004300140300001600183650002800199650001900227650003000246650002900276700002000305 a0-87044-124-0 a060.72 TAY-; aTaylor, James C. 0aSurvey of organizations: a machine-scored standardized questionnaire instrument aMichiganbUniversity of Michiganc1972 aviii, 165p. aOrganization - Research aSocial surveys aQuestionnaries - Research aOrganizational sociology aBowers, David G